00501nam a2200205Ia 4500008004100000020001800041100001800059245001900077245002100096260001500117260002000132260000900152300001700161300001100178440003300189440001100222500003500233650001900268700000800287160803s9999 xx 000 0 und d a9780064400855 aYep, Laurence aDragonwings /  cby Laurence Yep. aNew York : bScholastic Inc. c1990 a248 pages ;  c20 cm. aGolden mountain chronicles ; vbk. 5. a"A Newbery Honor book"--Cover. aNewbery Honor. a870